000 00367pab a2200133 454500
008 180718b1988 xxu||||| |||| 00| 0 eng d
100 _aAina, Tade Akin
245 _aThe construction of housing for the urban poor of Lagos
260 _c1988
300 _a31-48
650 _aHousing - Costs, Construction - Nigeria
773 _aHabitat International
909 _a9872
999 _c9872
_d9872